000
00325nam a2200133Ia 4500
005
20260328104336.0
008
260328s9999||||xx |||||||||||||| ||und||
100
_a
Scranton, Robert
245
0
_a
Greek Architecture /
_c
Robert Scranton
260
_b
Prentice-Hall
300
_a
128 p.
650
_a
ARQUITECTURA
942
_c
BK
999
_c
11901
_d
11901